000 00312nam a22001217a 4500
999 _c152847
_d152847
082 _a934.007
_bMAR/I.14
100 _aMarindle J W
245 _aIndian Historical Research (v.14)/
_cby Marindle J W.
260 _aNew Delhi:
_bCosmo,
_c1983.
300 _a424p.
650 _aHistory India Ancient
942 _cBK